000 00446nam a22001577a 4500
005 20230617022545.0
008 230117b |||||||| |||| 00| 0 eng d
020 _a978-1-68095-498-2
082 _a621.37 El38 2017
245 _aElectrical safety /
260 _aUSA:
_b3G E-Learning,
_cc2017.
300 _ax,226p.;
_bill. (some col.); w/ CD
504 _aIncludes bibliographical index
541 _e5186
650 _aElectricity - Safety measure
999 _c559
_d559